Sports Quiz

Random Sports or NFL Quiz

NFL Players By Card Quiz Stats

 Plays Quiz Updated Apr 2, 2015

Challenge
Share
Tweet
Score 0/25 Timer 05:00
1 Play Today
% Correct
Philip Rivers
95.5%
Rob Gronkowski
94.2%
Hines Ward
91.6%
DeMarco Murray
85.6%
Russell Wilson
83.9%
Brian Urlacher
78.4%
Michael Strahan
76.2%
Edgerrin James
72.9%
Bart Starr
67.4%
Eddie George
66.7%
Bruce Smith
63.1%
Adam Vinatieri
61.8%
Dan Fouts
61.7%
% Correct
Walter Payton
60.5%
Warren Sapp
55.7%
Randy Moss
55.5%
Matt Schaub
53%
Cris Collinsworth
49%
Marcus Allen
44.8%
Ed 'Too Tall' Jones
40.8%
David Tyree
33.9%
Ray Guy
31.1%
Jonathan Ogden
23.1%
Earl Morrall
20.5%
Chris Fuamatu-Ma'afala
3.3%

You're not logged in!

Compare scores with friends on all Sporcle quizzes.
Join for Free
OR
Log In

You Might Also Like...

Show Comments

Extras

Top Quizzes Today


Score Distribution

Your Account Isn't Verified!

In order to create a playlist on Sporcle, you need to verify the email address you used during registration. Go to your Sporcle Settings to finish the process.

Report this User

Report this user for behavior that violates our Community Guidelines.

Details: